International trade free, fair and open?

Salvato in:
Dettagli Bibliografici
Autore principale: Love, Patrick
Altri autori: Lattimore, Ralph
Natura: Libro
Lingua:inglese
Pubblicazione: Paris OECD 2009
Serie:OECD insights
Soggetti:
Tags: Aggiungi Tag
Nessun Tag, puoi essere il primo ad aggiungerne!!

MARC

LEADER 00000nam$a2200000$$$4500
001 0110780
005 20240315120820.3
020 |a 978-92-64-06024-1 
041 0 |a eng 
044 |a FR 
245 1 0 |a International trade  |b free, fair and open?  |c Patrick Love, Ralph Lattimore 
264 1 |a Paris  |b OECD  |c 2009 
300 |a 193 s. 
490 1 |a OECD insights 
830 0 |a OECD insights 
610 2 0 |a obchod medzinárodný 
610 2 0 |a Svetová obchodná organizácia 
610 2 0 |a zamestnanosť 
610 2 0 |a prostredie životné 
610 2 0 |a rozvoj hospodársky 
610 2 0 |a rast hospodársky 
610 2 0 |a inovácia 
100 1 |a Love, Patrick 
700 1 |a Lattimore, Ralph